La adolescencia: (Registro nro. 1809)

Detalles MARC
000 -Cabecera
Campo de control interno 00576nam a2200181Ia 4500
005 - Fecha y hora del registro
control field 20260306143756.0
008 - Elementos de Longitud Fija
fixed length control field 260306t2014||||xx |||||||||||||| ||spa||
041 ## - Idioma
Codigo Idioma ESP
082 ## - DEWEY y NOTACIÓN INTERNA
Dewey 155.5
Notación Interna C75
100 ## - AUTOR
Autor denominación Colomina, Belén
Término de relación autor
245 #0 - TÍTULO DE MATERIAL BIBLIOGRÁFICO
Título La adolescencia:
Título paralelo 7 claves para prevenir los problemas de conducta. Incluye propuestas y ejercicios accesibles y entretenidos para fomentar una sana relación con tus hijos y en familia
260 ## - CIUDAD, EDITORIAL, AÑO
Año 2014
300 ## - DESCRIPCIÓN
N° Páginas 238 páginas :
Dimensiones 21 cm.
650 ## - TEMAS
Temas Generalidades
654 ## - PROGRAMAS
Programa Dpto. de Psicología
942 ## - ELEMENTOS DE KOHA
Tipo de documento Libro
Nombre del creador Justo Noguera
Código de catalogador Justo Noguera
Esquema de clasificación Dewey Decimal Classification
Suppress in OPAC
Existencias
Codigo completo Registro Colección Copia número Disponibilidad Tipo de préstamo Biblioteca Actual Procedencia (Biblioteca) Ubicacón Fecha Ingreso Tipo de Adquisición Date last seen Total checkouts Price effective from Tipo de Item Estado del Material Fuente de Clasificación Damaged status Withdrawn status
155.5 C75 1068880 Universidad Católica San Pablo 1 Disponible Disponible Víctor Andrés Belaunde Víctor Andrés Belaunde Planta baja abierta 03/06/2026 Compra 06/03/2026   06/03/2026 Libro Bueno Dewey Decimal Classification